Statystyki dla Państwa Morza Śródziemnego - Quiz na mapie

Kliknij tutaj aby rozwiązać quiz!

Ogólne statystyki

  • Ten quiz został rozwiązany 2,032 razy
  • Średni wynik to 19 z 22

Statystyki odpowiedzi

Answer % poprawnych
Włochy
98%
Francja
97%
Hiszpania
97%
Grecja
92%
Turcja
92%
Chorwacja
89%
Monako
88%
Egipt
88%
Cypr
87%
Malta
87%
Słowenia
86%
Maroko
86%
Bośnia i Hercegowina
85%
Tunezja
81%
Czarnogóra
81%
Izrael
80%
Syria
80%
Algieria
80%
Albania
80%
Libia
77%
Palestyna
68%
Liban
67%

Rozkład punktacji

Percentyl według liczby udzielonych odpowiedzi

Procent ludzi z każdym wynikiem

Twoja historia wyników

Nie rozwiązałeś tego quizu